Plan Estratégico para el Desarrollo Empresarial del Laboratorio Clínico Nicaragüense
Presenta un plan estratégico para el laboratorio Clínico Nicaragüense que centra su atención en el fortalecimiento institucional y asegure su permanencia en el mercado de servicios clínicos en el municipio de Managua, para el periodo 2009 – 2014.
| Main Authors: | , , |
|---|---|
| Other Authors: | |
| Format: | Tesis Section = Libro |
| Language: | Undetermined Spanish |
| Published: |
Managua
UNI
2009
|
| Subjects: |
| LEADER | 01099nam a2200253Ia 4500 | ||
|---|---|---|---|
| 008 | 240830s9999 xx 000 0 und d | ||
| 040 | |a BIBLIOTECA-RUPAP T.Mon 658.4012 A472 | ||
| 041 | |a spa | ||
| 082 | |a T.Mon 658.4012 A472 | ||
| 100 | 1 | |a Alvarado Zamora, Alexander José | |
| 100 | 1 | |b Corrales Rivas, Byron Arnulfo. | |
| 100 | 1 | |c Montenegro Benedith, Karla Vanessa | |
| 245 | 1 | 0 | |a Plan Estratégico para el Desarrollo Empresarial del Laboratorio Clínico Nicaragüense |
| 260 | |a Managua |b UNI |c 2009 | ||
| 300 | |a 126 p. :il. | ||
| 500 | |a Contiene: anexos e Incluye: CD. | ||
| 502 | |a Tesis (Ingeniero de Sistemas)- UNI, 2009. | ||
| 520 | 3 | |a Presenta un plan estratégico para el laboratorio Clínico Nicaragüense que centra su atención en el fortalecimiento institucional y asegure su permanencia en el mercado de servicios clínicos en el municipio de Managua, para el periodo 2009 – 2014. | |
| 650 | 7 | |a PLANIFICACIÓN ESTRATÉGICA | |
| 650 | 7 | |b PLANIFICACIÓN EMPRESARIAL. | |
| 700 | 1 | |a Tutor: |b Caldera Alfaro, Mario José | |
| 942 | |c BK |2 ddc | ||
| 991 | |a TESIS | ||
| 999 | |c 18561 | ||